000 00561nam a2200229Ia 4500
003 OSt
005 20221006151815.0
006 a|||||r|||| 00| 0
007 ta
008 221006b |||||||| |||| 00| 0 eng d
020 _c214.00
024 _a23,438
037 _cTextual
040 _aEASL
_cEASL
_beng
041 _2eng
_aeng
100 _aWIK Philip
_9335184
245 0 _aHow to do business with the PRC
260 _an
_bEntrepreneur Press
_c1984
300 _a322p.
_ccm.
942 _cTEXL
_2CC
999 _c1091524
_d1091524